Встречи : (Record no. 190497)
[ view plain ]
| 000 -LEADER | |
|---|---|
| fixed length control field | 00895nam a2200241 u 4500 |
| 001 - CONTROL NUMBER | |
| control field | 000512278 |
| 003 - CONTROL NUMBER IDENTIFIER | |
| control field | AM-YeHGA |
| 005 - DATE AND TIME OF LATEST TRANSACTION | |
| control field | 20260219180159.0 |
| 008 - FIXED-LENGTH DATA ELEMENTS--GENERAL INFORMATION | |
| fixed length control field | 061202s1978 ru c||||||||| 000|1brus|d |
| 040 ## - CATALOGING SOURCE | |
| Original cataloging agency | AM-YeHGA |
| 041 0# - LANGUAGE CODE | |
| Language code of text/sound track or separate title | rus |
| 090 ## - LOCALLY ASSIGNED LC-TYPE CALL NUMBER (OCLC); LOCAL CALL NUMBER (RLIN) | |
| -- | 191965 |
| 100 1# - MAIN ENTRY--PERSONAL NAME | |
| Personal name | Вержбицкий, Николай Константинович |
| 245 10 - TITLE STATEMENT | |
| Title | Встречи : |
| Remainder of title | [Очерки] / |
| Statement of responsibility, etc. | Н.К. Вержбицкий. |
| 260 ## - PUBLICATION, DISTRIBUTION, ETC. | |
| Place of publication, distribution, etc. | Москва : |
| Name of publisher, distributor, etc. | Советская Россия, |
| Date of publication, distribution, etc. | 1978. |
| 300 ## - PHYSICAL DESCRIPTION | |
| Extent | 254 с. ; |
| Dimensions | 21 см. |
| 600 14 - SUBJECT ADDED ENTRY--PERSONAL NAME | |
| Personal name | Куприн, Александр Иванович, |
| Dates associated with a name | 1870-1938 |
| 600 14 - SUBJECT ADDED ENTRY--PERSONAL NAME | |
| Personal name | Есенин, Сергей Александрович |
| Dates associated with a name | 1895-1925 |
| 600 14 - SUBJECT ADDED ENTRY--PERSONAL NAME | |
| Personal name | Грин, Александр Степанович |
| Dates associated with a name | 1880-1932 |
| 600 14 - SUBJECT ADDED ENTRY--PERSONAL NAME | |
| Personal name | Нансен, Фритьоф |
| Dates associated with a name | 1861-1930 |
| 650 14 - SUBJECT ADDED ENTRY--TOPICAL TERM | |
| Topical term or geographic name entry element | Русская литература |
| General subdivision | Очерк |
| 942 00 - ADDED ENTRY ELEMENTS (KOHA) | |
| Koha issues (borrowed), all copies | 1 |
| Withdrawn status | Lost status | Damaged status | Not for loan | Collection | Home library | Current library | Date acquired | Total checkouts | Full call number | Barcode | Date last seen | Date last checked out | Price effective from | Koha item type | Public note |
|---|---|---|---|---|---|---|---|---|---|---|---|---|---|---|---|
| General | Fundamental Scientific Library | Fundamental Scientific Library | 28/12/2016 | 1 | PII/414899 | FL0429581 | 19/02/2026 | 19/02/2026 | 28/12/2016 | Գրքեր / Books | 30 Days Loan |
ՀՀ Գիտությունների ազգային ակադեմիայի հիմնարար գիտական գրադարան = Fundamental Scientific Library of NAS RA
All site content, except where otherwise noted, is licensed under a